| 000 | 00390nam a22001217a 4500 | ||
|---|---|---|---|
| 082 | _a200 THE | ||
| 100 |
_aMuhammad Nabeel Shahid _972563 |
||
| 245 | _aTH-SOF-1732-Performance Evaluation of TQAM in Free-Space Optical (FSO) Communication | ||
| 260 |
_aISLAMABAD _bNUST COLLEGE OF EME _c2019 |
||
| 650 | _aMS-ELECT-2016 MSTHESIS | ||
| 700 | _aSupervisor Dr. Shahzad Amin Sheikh | ||
| 942 | _cCF | ||
| 999 |
_c578563 _d578563 |
||